| 000 | 00798nam a2200277 a 4500 | ||
|---|---|---|---|
| 001 | 000111305 | ||
| 003 | CHAP | ||
| 005 | 20220329144206.0 | ||
| 008 | 150129s2013 mx a |r| |||||||spa d | ||
| 010 | _a107767 | ||
| 011 | _a108739 | ||
| 020 | _a9786074026320 | ||
| 040 | _cCHAP | ||
| 082 | 0 | 4 |
_a370.1 _bO15 |
| 100 | 1 |
_aOcampo Almazán, Alejandro _9129156 |
|
| 245 | 1 | 0 |
_aÉtica y educación : _bfundamentos teóricos para el futuro / _cpor Alejandro Ocampo Almazán. |
| 260 |
_aMéxico : _bPlaza y Valdes, _c2013. |
||
| 300 |
_a295 p. : _bil. |
||
| 590 |
_aE6096MTM _b05 _c20150129 _lUCH01 _h1459 |
||
| 590 |
_aE6096MTM _b05 _c20150130 _lUCH01 _h1102 |
||
| 650 | 1 | 4 |
_aEducación _xFilosofía. _935446 |
| 650 | 1 | 4 |
_aValores (filosofía) _9117673 |
| 901 | _aBK | ||
| 942 | _cLIBRO | ||
| 942 | _n0 | ||
| 999 |
_c107767 _d107767 |
||